000 00523cam a2200169 4500500
005 20260329004618.0
041 _afre
042 _adc
100 1 0 _aN’Diaye, Aïda
_eauthor
245 0 0 _aN’avons-nous de devoirs qu’envers autrui ?
260 _c2020.
500 _a82
690 _aAutrui
690 _aDevoir
786 0 _nPhilosophie magazine | 142 | 9 | 2020-09-01 | p. 85-89 | 1951-1787
856 4 1 _uhttps://shs.cairn.info/magazine-philosophie-magazine-2020-9-page-85?lang=fr&redirect-ssocas=7080
999 _c1835643
_d1835643